000 00745cam a2200253 a 4500
001 3921998
005 20240319032231.0
008 920224s1992 nyua b 001 0 eng
020 _a0415906849 (alk. paper)
020 _a0415906857 (pbk.)
040 _aDLC
_cDLC
_dDLC
082 0 0 _a323.334.
_220
_bGEN.
100 1 _aRinehart, Sue Tolleson,
245 1 0 _aGender consciousness and politics /
_cSue Tolleson Rinehart.
260 _aNew York :
_bRoutledge,
_c1992.
300 _axv, 195 p. :
490 1 _aPerspectives on gender
650 0 _aWomen
650 0 _aFeminist theory.
650 0 _aPolitical socialization
650 0 _aGender identity
856 4 2 _uhttp://www.loc.gov/catdir/enhancements/fy0651/92008240-d.html
942 _cL
999 _c584
_d584